<?xml version="1.0" encoding="UTF-8"?><?xml-stylesheet type="text/xsl" href="static/style.xsl"?><OAI-PMH xmlns="http://www.openarchives.org/OAI/2.0/" xmlns:xsi="http://www.w3.org/2001/XMLSchema-instance" xsi:schemaLocation="http://www.openarchives.org/OAI/2.0/ http://www.openarchives.org/OAI/2.0/OAI-PMH.xsd"><responseDate>2026-04-30T05:14:49Z</responseDate><request verb="GetRecord" identifier="oai:uvadoc.uva.es:10324/14322" metadataPrefix="marc">https://uvadoc.uva.es/oai/request</request><GetRecord><record><header><identifier>oai:uvadoc.uva.es:10324/14322</identifier><datestamp>2021-06-29T11:11:53Z</datestamp><setSpec>com_10324_38</setSpec><setSpec>col_10324_852</setSpec></header><metadata><record xmlns="http://www.loc.gov/MARC21/slim" xmlns:doc="http://www.lyncode.com/xoai" xmlns:xsi="http://www.w3.org/2001/XMLSchema-instance" xmlns:dcterms="http://purl.org/dc/terms/" xsi:schemaLocation="http://www.loc.gov/MARC21/slim http://www.loc.gov/standards/marcxml/schema/MARC21slim.xsd">
<leader>00925njm 22002777a 4500</leader>
<datafield tag="042" ind1=" " ind2=" ">
<subfield code="a">dc</subfield>
</datafield>
<datafield tag="720" ind1=" " ind2=" ">
<subfield code="a">Casado Aceves, María</subfield>
<subfield code="e">author</subfield>
</datafield>
<datafield tag="260" ind1=" " ind2=" ">
<subfield code="c">2015</subfield>
</datafield>
<datafield tag="520" ind1=" " ind2=" ">
<subfield code="a">En un contexto de crisis en que algunos colectivos han visto aumentada su vulnerabilidad social, y sus dificultades para encontrarse en situación de inclusión social, el trabajo de fin de grado que se presenta a continuación, es un análisis sobre la realidad de uno de estos colectivos: las personas inmigrantes y su atención desde los servicios sociales de atención primaria. Se parte de una revisión de las principales teorías y estudios realizados por investigadores y profesionales relacionados con la materia, siguiendo con las reflexiones del propio profesional sobre su trabajo con las personas inmigrantes y el funcionamiento del sistema público de servicios sociales. Todo ello abre las puertas a diversos estudios y análisis críticos con respeto a la eficacia de uno de los sistemas fundamentales para la garantía del bienestar social y la calidad de vida de todas las personas que integran la sociedad española, y los retos que éste tiene en cuanto al cumplimiento de los objetivos básicos y en cuanto a la calidad de los servicios.</subfield>
</datafield>
<datafield tag="024" ind2=" " ind1="8">
<subfield code="a">http://uvadoc.uva.es/handle/10324/14322</subfield>
</datafield>
<datafield ind1=" " ind2=" " tag="653">
<subfield code="a">[pendiente de asignar]</subfield>
</datafield>
<datafield tag="245" ind1="0" ind2="0">
<subfield code="a">Inmigración y atención social primaria. Límites y retos del trabajador social en la actualidad</subfield>
</datafield>
</record></metadata></record></GetRecord></OAI-PMH>